Score 0/48 Timer 08:00
19 Plays Today
% Correct
China
93.5%
Japan
91.9%
Sweden
89.8%
Russia
89.5%
Norway
88%
Finland
87.5%
Egypt
86.4%
Chile
85%
Brazil
84.5%
Iran
83.9%
Iraq
83.8%
Peru
83.4%
Denmark
82%
Iceland
80.3%
Poland
79.7%
Cuba
78.1%
Turkey
77.3%
Oman
72.7%
Yemen
72.1%
Kenya
70.4%
Sudan
69.6%
Belgium
69.2%
Niger
68.1%
Nepal
67.5%
% Correct
Jordan
67.4%
Fiji
66.3%
Thailand
66%
Mali
65.7%
Ghana
65.4%
Ukraine
65.2%
Togo
64.8%
Qatar
62.3%
Malta
62.1%
Cyprus
61%
Belize
58.2%
Bhutan
57.8%
Kuwait
57%
Taiwan
56%
Benin
54.4%
Tonga
51.7%
Guinea
51.3%
Bahrain
50.9%
Gabon
49.8%
Georgia
47.6%
Palau
47.2%
Brunei
45.1%
Seychelles
38%
Maldives
37.8%
Remove Ads.
Support Sporcle.
Get the best of Sporcle when you Go Orange. This ad-free experience offers more features, more stats, and more fun while also helping to support Sporcle. Thank you for becoming a member.

You're not logged in!

Compare scores with friends on all Sporcle quizzes.
OR
Log In

Show Comments

Extras

Top Quizzes Today


Score Distribution

Your Account Isn't Verified!

In order to create a playlist on Sporcle, you need to verify the email address you used during registration. Go to your Sporcle Settings to finish the process.

Report this User

Report this user for behavior that violates our Community Guidelines.

Details: